Contents analysis of selected Filipino popular songs (Record no. 139)
[ view plain ]
| 000 -LEADER | |
|---|---|
| fixed length control field | 00300nam a22001097a 4500 |
| 082 ## - | |
| -- | 781.63 |
| -- | C76 |
| 100 1# - MAIN ENTRY--PERSONAL NAME | |
| Personal name | Beleza, Marivic C. |
| 245 ## - TITLE STATEMENT | |
| Title | <a href="Contents analysis of selected Filipino popular songs ">Contents analysis of selected Filipino popular songs </a> |
| 260 ## - PUBLICATION, DISTRIBUTION, ETC. (IMPRINT) | |
| Place of publication, distribution, etc | Morong,Rizal |
| Name of publisher, distributor, etc | [publisher not identified] |
| Date of publication, distribution, etc | 2003 |
| 300 ## - PHYSICAL DESCRIPTION | |
| Extent | 86 pages ; |
| Dimensions | 28 cm. |
| 942 ## - ADDED ENTRY ELEMENTS (KOHA) | |
| Koha item type | Theses and dissertations |
| Withdrawn status | Damaged status | Not for loan | Collection code | Home library | Current library | Date acquired | Total Checkouts | Full call number | Barcode | Date last seen | Price effective from | Koha item type |
|---|---|---|---|---|---|---|---|---|---|---|---|---|
| Reference | Morong College Library | Morong College Library | 12/14/2014 | 781.63 C76 2003 | URSMOR-CL-001082 | 12/14/2014 | 02/27/2019 | Theses and dissertations |